[Event "World Senior chT-65 2019"]
[Site "Rhodes"]
[Date "2019.04.23"]
[Round "8.35"]
[White "Gustavsson, Sture"]
[Black "Waterfield, John W"]
[Result "1/2-1/2"]
[WhiteElo "1976"]
[BlackElo "1928"]
[Annotator "NA RC"]
[PlyCount "82"]
[EventDate "2019.04.16"]
[EventType "team-tourn"]
[EventCountry "GRE"]
[SourceTitle "playchess.com"]
[Source "ChessBase"]
[SourceQuality "1"]
[WhiteTeam "Sweden"]
[BlackTeam "Wales"]
[WhiteTeamCountry "SWE"]
[BlackTeamCountry "WLS"]
[TimeControl "40/5400+30:1800+30"]

1. d4 {[%emt 0:00:00]} Nf6 {[%emt 0:00:00]} 2. Nf3 {[%emt 0:00:00]} c5 {[%emt 0:00:00]} 3. d5 {[%emt 0:00:14]} g6 {[%emt 0:00:00]} 4. e3 {[%emt 0:02:43]} Bg7 {[%emt 0:00:57]} 5. c4 {[%emt 0:02:34]} b5 {[%emt 0:08:06]} 6. cxb5 {[%emt 0:00:44]} a6 {[%emt 0:00:05]} 7. Nc3 {[%emt 0:02:12]} O-O {[%emt 0:02:48]} 8. Bc4 {[%emt 0:07:04]} axb5 {[%emt 0:01:12]} 9. Bxb5 {[%emt 0:00:23]} Qa5 {[%emt 0:02:35]} 10. O-O {[%emt 0:02:52]} Ne4 {[%emt 0:02:51]} 11. Nxe4 {[%emt 0:11:48]} Qxb5 {[%emt 0:00:14]} 12. Nc3 {[%emt 0:03:04]} Qb6 {[%emt 0:03:06]} 13. Qc2 {[%emt 0:04:54]} Ba6 {[%emt 0:02:25]} 14. Rd1 {[%emt 0:01:56]} d6 {[%emt 0:00:20]} 15. b3 {[%emt 0:09:13]} Nd7 {[%emt 0:00:23]} 16. Bb2 {[%emt 0:02:31]} Rab8 {[%emt 0:15:55]} 17. Na4 {[%emt 0:02:52]} Qb4 {[%emt 0:02:20]} 18. Bxg7 {[%emt 0:01:03]} Kxg7 {[%emt 0:00:05]} 19. Nb2 {[%emt 0:03:27]} Kg8 {[%emt 0:01:36]} 20. Nd2 {[%emt 0:11:17]} Qb7 {[%emt 0:03:47]} 21. Ndc4 {[%emt 0:01:33]} f5 {[%emt 0:00:34]} 22. f3 {[%emt 0:03:34]} Nf6 {[%emt 0:02:25]} 23. e4 {[%emt 0:01:46]} fxe4 {[%emt 0:01:56]} 24. fxe4 {[%emt 0:00:19]} Qd7 {[%emt 0:09:01]} 25. Re1 {[%emt 0:02:46]} Qg4 {[%emt 0:02:44]} 26. Rad1 $14 {[%emt 0:03:04]} Qh4 {[%emt 0:06:43]} 27. e5 {[%emt 0:06:26]} Ng4 {[%emt 0:02:42]} 28. h3 {[%emt 0:04:31]} Nf2 {[%emt 0:03:35]} 29. Re2 {[%emt 0:01:53]} Nxd1 {[%emt 0:05:52]} 30. Qxd1 {[%emt 0:01:52]} Rf4 {[%emt 0:05:08]} 31. exd6 {[%emt 0:00:36]} exd6 {[%emt 0:00:14]} 32. Qd3 {[%emt 0:02:42]} Rd4 {[%emt 0:03:09]} 33. Qe3 {[%emt 0:00:15]} Bb5 {[%emt 0:07:06]} 34. Qe6+ {[%emt 0:00:26]} Kg7 {[%emt 0:00:54]} 35. Qxd6 {[%emt 0:00:55]} Re8 {[%emt 0:02:05]} 36. Rxe8 {[%emt 0:00:34]} Bxe8 {[%emt 0:00:05]} 37. Qe5+ {[%emt 0:01:55]} Kf8 {[%emt 0:00:49]} 38. Qh8+ {[%emt 0:01:18]} Ke7 {[%emt 0:01:48]} 39. Qe5+ {[%emt 0:00:47]} Kf8 {[%emt 0:00:29]} 40. Qh8+ {[%emt 0:00:00]} Ke7 {[%emt 0:00:00]} 41. Qe5+ {[%emt 0:01:11]} Kf8 {[%emt 0:02:52]} 1/2-1/2

[Event "World Senior chT-65 2019"]
[Site "Rhodes"]
[Date "2019.04.23"]
[Round "8.37"]
[White "Woeber, Friedrich"]
[Black "Harestad, Thor Geir"]
[Result "1/2-1/2"]
[WhiteElo "2114"]
[BlackElo "2200"]
[Annotator "NA RC"]
[PlyCount "80"]
[EventDate "2019.04.16"]
[EventType "team-tourn"]
[EventCountry "GRE"]
[SourceTitle "playchess.com"]
[Source "ChessBase"]
[SourceQuality "1"]
[WhiteTeam "Austria"]
[BlackTeam "Norway"]
[WhiteTeamCountry "AUT"]
[BlackTeamCountry "NOR"]
[TimeControl "40/5400+30:1800+30"]

1. e4 {[%emt 0:00:00]} c5 {[%emt 0:00:00]} 2. Nf3 {[%emt 0:00:00]} Nc6 {[%emt 0:00:00]} 3. d4 {[%emt 0:00:11]} cxd4 {[%emt 0:00:00]} 4. c3 {[%emt 0:00:40]} d3 {[%emt 0:00:00]} 5. Bxd3 {[%emt 0:00:36]} d6 {[%emt 0:00:00]} 6. O-O {[%emt 0:00:47]} g6 {[%emt 0:00:01] B21: Sicilian: 2 f4 and Morra Gambit} (6... Nf6 7. h3 g6 8. Qe2 Bg7 9. Rd1 Nd7 10. Be3 O-O 11. Nbd2 b6 12. Nd4 Nce5 13. Ba6 Nc5 14. Bxc8 Qxc8 15. N4f3 Nxf3+ 16. Qxf3 {½-½ (37) Petrov,N (2490)-Bernadskiy,V (2549) Riga 2016}) 7. Be3 {[%emt 0:02:17]} Bg7 {[%emt 0:00:08]} 8. h3 {[%emt 0:03:54]} Nf6 {[%emt 0:00:20]} 9. Qd2 {[%emt 0:02:29]} O-O {[%emt 0:00:13]} 10. c4 {[%emt 0:01:25]} a6 {[%emt 0:02:50]} 11. Nc3 {[%emt 0:01:17]} Rb8 {[%emt 0:01:13]} 12. Rac1 {[%emt 0:06:04]} Bd7 $146 {[%emt 0:07:53]} ({Predecessor:} 12... Re8 13. Nd5 b6 14. Rfd1 Nd7 {1-0 (55) Halvorsen,H (1899)-Ponjican,E (2124) Vienna 2012}) 13. Rfd1 {[%emt 0:08:33]} Re8 {[%emt 0:02:51]} 14. c5 {[%emt 0:03:24]} Qa5 {[%emt 0:02:25]} 15. Bc4 {[%emt 0:03:16]} Rbd8 {[%emt 0:01:40]} 16. cxd6 {[%emt 0:06:26]} exd6 {[%emt 0:00:32]} 17. Qc2 {[%emt 0:01:44]} b5 {[%emt 0:09:53]} 18. Bb3 {[%emt 0:04:29]} Rc8 {[%emt 0:07:44]} 19. Rxd6 {[%emt 0:16:04]} b4 {[%emt 0:10:57]} 20. Nd5 {[%emt 0:03:21]} Ne5 {[%emt 0:06:22]} 21. Nxf6+ {[%emt 0:03:09]} Bxf6 {[%emt 0:00:10]} 22. Qd1 {[%emt 0:00:10]} Rxc1 {[%emt 0:01:16]} 23. Bxc1 {[%emt 0:05:37]} Be6 {[%emt 0:00:47]} 24. Bxe6 {[%emt 0:03:16]} fxe6 {[%emt 0:00:27]} 25. Nxe5 {[%emt 0:02:09]} Qxe5 {[%emt 0:03:03]} 26. Qd3 {[%emt 0:04:13]} Qa5 {[%emt 0:03:48]} 27. Qc4 {[%emt 0:01:45]} Qb5 {[%emt 0:11:13]} 28. Qxb5 {[%emt 0:00:29]} axb5 {[%emt 0:00:02]} 29. Rb6 {[%emt 0:04:53]} Rc8 {[%emt 0:00:48]} 30. Be3 {[%emt 0:00:30]} Bxb2 {[%emt 0:00:29]} 31. Rxb5 {[%emt 0:00:21]} Rc4 {[%emt 0:01:49]} 32. f3 {[%emt 0:00:50]} e5 $16 {[%emt 0:00:21]} 33. Kf1 {[%emt 0:02:40]} Ba3 {[%emt 0:00:12]} 34. Rd5 {[%emt 0:02:26]} Rc2 {[%emt 0:03:00]} 35. Rd2 {[%emt 0:00:00]} Rc1+ {[%emt 0:01:51]} 36. Ke2 {[%emt 0:00:18]} Rc4 {[%emt 0:00:47]} 37. Kd1 {[%emt 0:01:39]} Rc1+ {[%emt 0:00:21]} 38. Ke2 {[%emt 0:00:04]} Rc4 {[%emt 0:00:02]} 39. Kd3 {[%emt 0:02:01]} Rc3+ {[%emt 0:00:45]} 40. Ke2 {[%emt 0:00:00]} Rc4 {[%emt 0:00:00]} 1/2-1/2

[Event "World Senior chT-65 2019"]
[Site "Rhodes"]
[Date "2019.04.23"]
[Round "8.38"]
[White "Steedman, James"]
[Black "Titz, Heimo"]
[Result "1/2-1/2"]
[WhiteElo "2127"]
[BlackElo "2096"]
[Annotator "NA"]
[PlyCount "100"]
[EventDate "2019.04.16"]
[EventType "team-tourn"]
[EventCountry "GRE"]
[SourceTitle "playchess.com"]
[Source "ChessBase"]
[SourceQuality "1"]
[WhiteTeam "Norway"]
[BlackTeam "Austria"]
[WhiteTeamCountry "NOR"]
[BlackTeamCountry "AUT"]
[TimeControl "40/5400+30:1800+30"]

1. d4 {[%emt 0:00:00]} Nf6 {[%emt 0:00:00]} 2. c4 {[%emt 0:00:00]} e6 {[%emt 0:00:08]} 3. Nc3 {[%emt 0:00:13]} Bb4 {[%emt 0:00:41]} 4. e3 {[%emt 0:00:23]} c5 {[%emt 0:01:32]} 5. Nge2 {[%emt 0:01:30]} cxd4 {[%emt 0:04:12]} 6. exd4 {[%emt 0:00:29]} O-O {[%emt 0:00:55]} 7. a3 {[%emt 0:00:28]} Be7 {[%emt 0:00:49]} 8. Nf4 {[%emt 0:00:46]} d5 {[%emt 0:01:12]} 9. cxd5 {[%emt 0:00:42]} Nxd5 {[%emt 0:00:45]} 10. Ncxd5 {[%emt 0:00:38]} exd5 {[%emt 0:00:25]} 11. Bd3 {[%emt 0:00:36]} Nc6 {[%emt 0:00:48]} 12. O-O {[%emt 0:00:24]} g6 {[%emt 0:02:23]} 13. Be3 {[%emt 0:01:24]} Bf6 {[%emt 0:01:11]} 14. Rc1 {[%emt 0:01:38]} Nxd4 {[%emt 0:15:14] E42: Nimzo-Indian: Rubinstein: 4...c5 5 Ne2} (14... Qd6 15. Rc5 Be6 16. Nxe6 Qxe6 17. Bb5 Rac8 18. Re1 Rfe8 19. Bd2 Qd7 20. Rxe8+ Qxe8 21. Be3 Qe6 22. h3 {½-½ (47) Babula,V (2522)-Yu,Y (2765) Porto Carras 2018}) 15. Bxd4 {[%emt 0:01:49]} Bxd4 {[%emt 0:00:19]} 16. Bxg6 {[%emt 0:00:41]} Bg7 {[%emt 0:04:56]} 17. Bb1 {[%emt 0:05:36]} Qh4 {[%emt 0:16:45]} 18. g3 {[%emt 0:04:23]} Qh6 {[%emt 0:03:02]} 19. Qxd5 $146 {[%emt 0:02:29]} ({Predecessor:} 19. b4 Be6 20. Rc7 b5 21. Qe2 a6 22. Rfc1 {1-0 (48) Vekelis,G-Trani,F (1950) ICCF email 2007}) 19... Be6 {[%emt 0:05:57]} 20. Nxe6 {[%emt 0:02:17]} fxe6 {[%emt 0:01:18]} 21. Qe4 {[%emt 0:02:35]} Rac8 {[%emt 0:04:47]} 22. Rxc8 {[%emt 0:02:57]} Rxc8 {[%emt 0:00:07]} 23. Ba2 {[%emt 0:00:44]} Rc6 {[%emt 0:05:16]} 24. Rd1 {[%emt 0:02:24]} Bf8 {[%emt 0:07:40]} 25. Rd7 {[%emt 0:03:07]} Qh3 {[%emt 0:09:33]} 26. Qe3 {[%emt 0:05:51]} Bh6 {[%emt 0:01:28]} 27. f4 {[%emt 0:00:42]} Bf8 {[%emt 0:00:49]} 28. b4 {[%emt 0:02:10]} a5 {[%emt 0:01:00]} 29. Rxb7 {[%emt 0:08:31]} axb4 {[%emt 0:00:25]} 30. axb4 $18 {[%emt 0:00:38]} Ra6 {[%emt 0:01:24]} 31. Bb1 {[%emt 0:01:58]} Ra1 {[%emt 0:00:29]} 32. Qe4 {[%emt 0:05:18]} Qf5 {[%emt 0:00:21]} 33. Qxf5 {[%emt 0:00:13]} exf5 {[%emt 0:00:05]} 34. Rb5 {[%emt 0:01:00]} Rxb1+ {[%emt 0:00:16]} 35. Kg2 {[%emt 0:00:12]} Rb2+ {[%emt 0:00:36]} 36. Kh3 {[%emt 0:01:22]} Bxb4 {[%emt 0:01:22]} 37. Rxf5 {[%emt 0:00:17]} Be7 {[%emt 0:01:05]} 38. Rd5 {[%emt 0:02:15]} Kf7 {[%emt 0:00:33]} 39. Kg4 {[%emt 0:04:36]} Rxh2 {[%emt 0:01:06]} 40. Rh5 {[%emt 0:00:00]} Rxh5 {[%emt 0:00:00]} 41. Kxh5 {[%emt 0:00:22]} Kg7 {[%emt 0:02:54]} 42. g4 {[%emt 0:01:05]} Bd6 {[%emt 0:02:15]} 43. f5 {[%emt 0:00:28]} Bf4 {[%emt 0:11:34]} 44. g5 {[%emt 0:00:43]} Bd2 {[%emt 0:01:13]} 45. Kg4 {[%emt 0:00:18]} Kf8 {[%emt 0:00:56]} 46. Kh5 {[%emt 0:00:13]} Be3 {[%emt 0:00:57]} 47. Kh6 {[%emt 0:01:23]} Kg8 {[%emt 0:00:38]} 48. Kh5 {[%emt 0:00:23]} Kg7 {[%emt 0:01:04]} 49. Kg4 {[%emt 0:00:11]} Bd2 {[%emt 0:00:50]} 50. Kh5 {[%emt 0:00:08]} Be3 {[%emt 0:03:27]} 1/2-1/2

[Event "World Senior chT-65 2019"]
[Site "Rhodes"]
[Date "2019.04.23"]
[Round "8.40"]
[White "Johnsen, Oystein"]
[Black "Danner, Lambert"]
[Result "1-0"]
[WhiteElo "1986"]
[BlackElo "2013"]
[Annotator "NA"]
[PlyCount "65"]
[EventDate "2019.04.16"]
[EventType "team-tourn"]
[EventCountry "GRE"]
[SourceTitle "playchess.com"]
[Source "ChessBase"]
[SourceQuality "1"]
[WhiteTeam "Norway"]
[BlackTeam "Austria"]
[WhiteTeamCountry "NOR"]
[BlackTeamCountry "AUT"]
[TimeControl "40/5400+30:1800+30"]

1. d4 {[%emt 0:00:00]} d5 {[%emt 0:00:00]} 2. Bf4 {[%emt 0:00:00]} Nf6 {[%emt 0:01:00]} 3. e3 {[%emt 0:00:45]} Bf5 {[%emt 0:01:42]} 4. c4 {[%emt 0:02:08]} e6 {[%emt 0:01:21]} 5. Nc3 {[%emt 0:04:15]} c6 {[%emt 0:01:41]} 6. Qb3 {[%emt 0:00:00]} Qb6 {[%emt 0:01:33]} 7. c5 {[%emt 0:00:18]} Qxb3 {[%emt 0:00:18]} 8. axb3 {[%emt 0:00:03]} Nbd7 {[%emt 0:00:49]} 9. b4 {[%emt 0:00:46]} e5 {[%emt 0:12:13]} 10. Bg3 {[%emt 0:11:56]} a6 {[%emt 0:01:35]} 11. b5 {[%emt 0:00:18]} cxb5 {[%emt 0:08:28]} 12. Nxb5 {[%emt 0:03:55]} Rc8 {[%emt 0:00:13]} 13. Nc3 {[%emt 0:00:25]} exd4 {[%emt 0:03:42]} 14. exd4 {[%emt 0:00:22]} Be6 {[%emt 0:01:53]} 15. b4 {[%emt 0:04:29]} Ne4 {[%emt 0:01:22]} 16. Nxe4 {[%emt 0:03:07]} dxe4 {[%emt 0:00:07]} 17. Ne2 {[%emt 0:02:11]} Nf6 {[%emt 0:04:07]} 18. Nc3 {[%emt 0:10:04]} Nd5 {[%emt 0:00:41]} 19. Nxd5 {[%emt 0:00:09]} Bxd5 {[%emt 0:00:07]} 20. b5 {[%emt 0:00:26]} axb5 {[%emt 0:00:12]} 21. Bxb5+ {[%emt 0:00:08]} Bc6 {[%emt 0:00:06]} 22. Bxc6+ {[%emt 0:00:47]} bxc6 {[%emt 0:00:11]} 23. O-O {[%emt 0:00:55]} f5 {[%emt 0:02:04]} 24. f3 {[%emt 0:01:19]} exf3 {[%emt 0:01:02]} 25. Rxf3 {[%emt 0:00:14]} g6 {[%emt 0:00:40]} 26. Be5 {[%emt 0:00:13]} Rg8 {[%emt 0:00:05]} 27. Ra7 {[%emt 0:00:17]} Be7 {[%emt 0:01:04]} 28. Re3 {[%emt 0:02:59]} Kd8 {[%emt 0:01:34]} 29. g3 {[%emt 0:08:03]} h5 {[%emt 0:00:49]} 30. Bf4 {[%emt 0:01:01]} Bf6 {[%emt 0:01:02]} 31. Kg2 {[%emt 0:01:57]} Rg7 {[%emt 0:02:16]} 32. Rxg7 {[%emt 0:00:24]} Bxg7 {[%emt 0:00:16]} 33. Bg5+ {[%emt 0:00:46]} 1-0

[Event "World Senior chT-65 2019"]
[Site "Rhodes"]
[Date "2019.04.23"]
[Round "8.41"]
[White "Rantanen, Veikko"]
[Black "Maki, Christer"]
[Result "0-1"]
[WhiteElo "1971"]
[BlackElo "1885"]
[Annotator "NA RC"]
[PlyCount "94"]
[EventDate "2019.04.16"]
[EventType "team-tourn"]
[EventCountry "GRE"]
[SourceTitle "playchess.com"]
[Source "ChessBase"]
[SourceQuality "1"]
[WhiteTeam "Finland"]
[BlackTeam "Sweden"]
[WhiteTeamCountry "FIN"]
[BlackTeamCountry "SWE"]
[TimeControl "40/5400+30:1800+30"]

1. e4 {[%emt 0:00:00]} (1. Nf3 Nf6 2. c4 b6 3. Nc3 Bb7 4. d4 g6 5. d5 Bg7 6. e4 O-O 7. Be2 e5 8. O-O d6 9. Be3 a5 10. Nd2 Nbd7 11. a3 Ne8 12. b4 f5 {0-1 (51) Kozul,Z (2613)-Bortnyk,O (2581) Doha 2016}) 1... g6 {[%emt 0:00:00]} 2. d4 {[%emt 0:00:00]} Bg7 {[%emt 0:00:37]} 3. c4 {[%emt 0:00:22]} d6 {[%emt 0:00:00]} 4. Nc3 {[%emt 0:00:13]} Nf6 {[%emt 0:00:27]} 5. Nf3 {[%emt 0:01:14]} O-O {[%emt 0:03:45]} 6. Be2 {[%emt 0:00:22]} b6 {[%emt 0:04:23]} 7. O-O {[%emt 0:00:53]} Bb7 {[%emt 0:00:25]} 8. d5 {[%emt 0:00:36]} e5 {[%emt 0:01:55] E91: King's Indian: Classical: 6 Be2, unusual replies including 6...c5 and 6...Bg4} 9. Bg5 {[%emt 0:01:58]} h6 $146 {[%emt 0:02:39]} ({Predecessor:} 9... Nbd7 10. Qd2 Re8 11. b4 h6 12. Bh4 a5 13. a3 c6 14. Rfc1 axb4 15. axb4 {1-0 (34) Raines,D (1198)-Goti,J (983) LSS email 2009}) 10. Be3 {[%emt 0:08:07]} Ng4 {[%emt 0:01:38]} 11. Bd2 {[%emt 0:00:10]} f5 {[%emt 0:01:10]} 12. h3 {[%emt 0:02:32]} Nf6 {[%emt 0:00:11]} 13. exf5 {[%emt 0:07:53]} gxf5 {[%emt 0:02:21]} 14. Nh4 {[%emt 0:06:01]} Nh7 {[%emt 0:03:57]} 15. g3 {[%emt 0:02:22]} Qf6 {[%emt 0:02:00]} 16. Nb5 {[%emt 0:01:54]} Na6 {[%emt 0:00:58]} 17. Ng2 {[%emt 0:07:20]} c6 {[%emt 0:02:15]} 18. Bc3 {[%emt 0:03:02]} cxb5 {[%emt 0:00:34]} 19. cxb5 {[%emt 0:00:15]} Nc5 {[%emt 0:01:03]} 20. f3 {[%emt 0:00:35]} Qf7 {[%emt 0:05:08]} 21. Bc4 {[%emt 0:04:10]} Rac8 {[%emt 0:02:56]} 22. b3 {[%emt 0:00:40]} Ng5 {[%emt 0:03:20]} 23. Kh2 {[%emt 0:00:16]} e4 {[%emt 0:02:52]} 24. Bxg7 {[%emt 0:01:25]} Qxg7 {[%emt 0:00:15]} 25. Nh4 {[%emt 0:01:29]} f4 {[%emt 0:01:03]} 26. g4 {[%emt 0:01:42]} Nxf3+ {[%emt 0:03:29]} 27. Nxf3 {[%emt 0:00:21]} exf3 {[%emt 0:00:07]} 28. Rxf3 {[%emt 0:00:29]} Rce8 {[%emt 0:00:54]} 29. Rb1 {[%emt 0:01:20]} Bc8 {[%emt 0:01:54]} 30. Qc2 {[%emt 0:01:06]} Re3 {[%emt 0:02:44]} 31. Rbf1 {[%emt 0:01:38]} Rxf3 {[%emt 0:00:57]} 32. Rxf3 {[%emt 0:00:06]} Nd7 {[%emt 0:00:50]} 33. Qf2 {[%emt 0:01:14]} Qg5 {[%emt 0:00:54]} 34. Be2 {[%emt 0:02:39]} Kh8 {[%emt 0:02:31]} 35. Rc3 {[%emt 0:00:45]} Qe5 {[%emt 0:01:34]} 36. Rf3 {[%emt 0:02:07]} Qxd5 {[%emt 0:01:13]} 37. Bc4 {[%emt 0:00:54]} Qe5 {[%emt 0:00:41]} 38. Qc2 {[%emt 0:02:16]} Kg7 {[%emt 0:03:02]} 39. Bd3 {[%emt 0:01:11]} Bb7 {[%emt 0:03:42]} 40. Rf2 {[%emt 0:00:00]} f3+ {[%emt 0:00:00]} 41. Kg1 {[%emt 0:03:36]} Qg3+ $19 {[%emt 0:02:08] Double Attack} 42. Kf1 {[%emt 0:00:09]} Qxh3+ {[%emt 0:00:06]} 43. Ke1 {[%emt 0:00:12]} Rc8 {[%emt 0:03:58]} 44. Qb2+ {[%emt 0:01:03]} Ne5 {[%emt 0:00:25]} 45. Qd4 {[%emt 0:03:14]} Qxg4 {[%emt 0:02:51]} 46. Qxd6 {[%emt 0:00:42]} Nxd3+ {[%emt 0:00:28]} 47. Qxd3 {[%emt 0:00:42]} Qe4+ {[%emt 0:00:08]} 0-1

[Event "World Senior chT-65 2019"]
[Site "Rhodes"]
[Date "2019.04.23"]
[Round "8.42"]
[White "Wihlborn, Bengt"]
[Black "Ranki, Martti"]
[Result "1/2-1/2"]
[WhiteElo "1820"]
[BlackElo "1940"]
[Annotator "NA RC"]
[PlyCount "60"]
[EventDate "2019.04.16"]
[EventType "team-tourn"]
[EventCountry "GRE"]
[SourceTitle "playchess.com"]
[Source "ChessBase"]
[SourceQuality "1"]
[WhiteTeam "Sweden"]
[BlackTeam "Finland"]
[WhiteTeamCountry "SWE"]
[BlackTeamCountry "FIN"]
[TimeControl "40/5400+30:1800+30"]

1. Nf3 {[%emt 0:00:00]} d5 {[%emt 0:00:09]} 2. c4 {[%emt 0:00:00]} e6 {[%emt 0:01:32]} 3. e3 {[%emt 0:00:17]} c5 {[%emt 0:01:05]} 4. cxd5 {[%emt 0:00:18]} exd5 {[%emt 0:00:30]} 5. d4 {[%emt 0:00:12]} Nc6 {[%emt 0:01:53]} 6. Be2 {[%emt 0:01:06]} Nf6 {[%emt 0:00:21]} 7. O-O {[%emt 0:00:24]} Be7 {[%emt 0:00:06]} 8. b3 {[%emt 0:00:12]} O-O {[%emt 0:03:01]} 9. Bb2 {[%emt 0:00:09]} h6 {[%emt 0:04:15] A13: English Opening: 1...e6} (9... Bg4 10. Nc3 Rc8 11. Rc1 Bxf3 12. Bxf3 cxd4 13. exd4 Qa5 14. a3 Rfe8 15. b4 Qd8 16. Re1 Qd7 17. Qd3 Bf8 18. g3 {1-0 (66) Anton Guijarro,D (2642)-Tilicheev,V (2507) Skopje 2018}) 10. Nc3 {[%emt 0:01:20]} Bf5 {[%emt 0:06:22]} 11. dxc5 {[%emt 0:01:11]} Bxc5 {[%emt 0:00:50]} 12. Rc1 $146 {[%emt 0:00:16]} ({Predecessor:} 12. Nb5 a6 13. Nbd4 Nxd4 14. Nxd4 Be4 15. Rc1 Qd6 16. Bf3 Bg6 17. Qe2 {½-½ (37) Schwammberger,E-Murati,A Zuerich 1997}) 12... Be7 {[%emt 0:06:20]} 13. Nb5 {[%emt 0:01:08]} Rc8 {[%emt 0:04:11]} 14. Nbd4 {[%emt 0:01:31]} Bd7 {[%emt 0:04:48]} 15. Rc2 {[%emt 0:04:19]} Nxd4 {[%emt 0:02:39]} 16. Nxd4 {[%emt 0:07:27]} Ne4 {[%emt 0:03:54]} 17. Rxc8 {[%emt 0:02:33]} Qxc8 {[%emt 0:01:22]} 18. Qd3 {[%emt 0:05:12]} Bf6 {[%emt 0:04:19]} 19. Rc1 {[%emt 0:07:47]} Qd8 {[%emt 0:00:46]} 20. a3 {[%emt 0:07:47]} Re8 {[%emt 0:02:04]} 21. b4 {[%emt 0:02:26]} a6 {[%emt 0:03:36]} 22. Qb3 {[%emt 0:01:35]} Be6 {[%emt 0:02:22]} 23. b5 {[%emt 0:03:10]} Qb6 {[%emt 0:08:41]} 24. a4 {[%emt 0:02:37]} axb5 {[%emt 0:05:34]} 25. Bxb5 {[%emt 0:00:59]} Rd8 {[%emt 0:01:55]} 26. Qb4 {[%emt 0:09:34]} Ra8 $11 {[%emt 0:03:32]} 27. f3 {[%emt 0:05:54]} Nd6 {[%emt 0:05:48]} 28. Qc5 {[%emt 0:03:11]} Qxc5 {[%emt 0:08:24]} 29. Rxc5 {[%emt 0:00:02]} Nxb5 {[%emt 0:01:04]} 30. Rxb5 {[%emt 0:00:26]} Rxa4 {[%emt 0:00:11]} 1/2-1/2

[Event "World Senior chT-65 2019"]
[Site "Rhodes"]
[Date "2019.04.23"]
[Round "8.43"]
[White "Alkkiomaki, Jyrki"]
[Black "Dalling, Peter"]
[Result "1/2-1/2"]
[WhiteElo "1908"]
[BlackElo "1830"]
[Annotator "NA RC"]
[PlyCount "84"]
[EventDate "2019.04.16"]
[EventType "team-tourn"]
[EventCountry "GRE"]
[SourceTitle "playchess.com"]
[Source "ChessBase"]
[SourceQuality "1"]
[WhiteTeam "Finland"]
[BlackTeam "Sweden"]
[WhiteTeamCountry "FIN"]
[BlackTeamCountry "SWE"]
[TimeControl "40/5400+30:1800+30"]

1. e4 {[%emt 0:00:00]} e5 {[%emt 0:00:00]} 2. Nf3 {[%emt 0:00:09]} Nf6 {[%emt 0:00:00]} 3. Nxe5 {[%emt 0:00:10]} Nc6 {[%emt 0:00:00]} 4. Nxc6 {[%emt 0:02:32]} dxc6 {[%emt 0:00:00]} 5. Nc3 {[%emt 0:01:53]} Bc5 {[%emt 0:00:00]} 6. h3 {[%emt 0:03:53]} Be6 {[%emt 0:00:55]} 7. d3 {[%emt 0:02:44]} h6 {[%emt 0:02:46]} 8. Qe2 {[%emt 0:05:03]} Qe7 {[%emt 0:00:25]} 9. Be3 {[%emt 0:02:12]} Bb4 {[%emt 0:00:42]} 10. Bd2 {[%emt 0:00:25]} O-O-O {[%emt 0:03:09]} 11. a3 {[%emt 0:01:41]} Ba5 {[%emt 0:09:21]} 12. g3 {[%emt 0:01:38]} g5 {[%emt 0:01:41]} 13. Bg2 {[%emt 0:01:35]} Rhg8 {[%emt 0:07:23]} 14. O-O-O {[%emt 0:01:05]} Nd7 {[%emt 0:05:16]} 15. Kb1 {[%emt 0:08:13]} Kb8 {[%emt 0:08:25]} 16. d4 {[%emt 0:12:26]} Bxc3 {[%emt 0:09:43]} 17. Bxc3 {[%emt 0:00:27]} Nb6 {[%emt 0:03:07]} 18. Rhe1 {[%emt 0:02:53]} Bc4 {[%emt 0:05:26]} 19. Qf3 {[%emt 0:01:26]} Qd7 {[%emt 0:03:36]} 20. b3 {[%emt 0:02:13]} Ba6 {[%emt 0:00:22]} 21. d5 {[%emt 0:03:09]} cxd5 {[%emt 0:00:43]} 22. exd5 {[%emt 0:00:18]} Rg6 {[%emt 0:05:10]} 23. Bb4 {[%emt 0:02:51]} Nc8 {[%emt 0:00:20]} 24. Qe3 {[%emt 0:07:32]} Rgg8 {[%emt 0:04:32]} 25. Qe5 {[%emt 0:04:15]} Rde8 {[%emt 0:01:30]} 26. Qf6 {[%emt 0:00:30]} Rg6 {[%emt 0:01:40]} 27. Qd4 {[%emt 0:01:03]} Rgg8 {[%emt 0:03:39]} 28. c4 {[%emt 0:04:55]} Rxe1 {[%emt 0:01:49]} 29. Rxe1 {[%emt 0:00:13]} Qf5+ {[%emt 0:02:20]} 30. Ka1 {[%emt 0:02:45]} Rd8 {[%emt 0:01:02]} 31. Kb2 {[%emt 0:03:42]} b6 {[%emt 0:04:52]} 32. g4 {[%emt 0:01:40]} Qd7 {[%emt 0:02:28]} 33. a4 {[%emt 0:02:31]} Bb7 {[%emt 0:01:19]} 34. Qf6 {[%emt 0:00:48]} Re8 {[%emt 0:00:10]} 35. Rxe8 {[%emt 0:00:49]} Qxe8 {[%emt 0:00:11]} 36. Bf3 {[%emt 0:00:16]} a5 {[%emt 0:01:26]} 37. Bc3 {[%emt 0:00:11]} Qf8 {[%emt 0:01:13]} 38. Qh8 {[%emt 0:09:08]} Qd6 {[%emt 0:03:12]} 39. Qe5 {[%emt 0:00:27]} Qf8 {[%emt 0:00:37]} 40. Be4 {[%emt 0:00:00]} Nd6 {[%emt 0:01:01]} 41. Bc2 {[%emt 0:00:41]} Ba6 {[%emt 0:00:38]} 42. Bd4 {[%emt 0:00:40]} Bxc4 {[%emt 0:00:29]} 1/2-1/2